Esencia y formas de la simpatía
Gorde:
| Egile nagusia: | |
|---|---|
| Formatua: | Liburua |
| Hizkuntza: | Undetermined |
| Argitaratua: |
Buenos Aires, Argentina
Editorial Losada
1943
|
| Gaiak: | |
| Etiketak: |
Etiketa erantsi
Etiketarik gabe, Izan zaitez lehena erregistro honi etiketa jartzen!
|
MARC
| LEADER | 00000nam a2200000Ia 4500 | ||
|---|---|---|---|
| 008 | 170316s9999 xx 000 0 und d | ||
| 090 | |a 100 S-21e | ||
| 100 | |a Scheler, Max | ||
| 245 | |a Esencia y formas de la simpatía | ||
| 260 | |a Buenos Aires, Argentina | ||
| 260 | |b Editorial Losada | ||
| 260 | |c 1943 | ||
| 300 | |a 375 páginas | ||
| 650 | |a FILOSOFÍA | ||
| 999 | |c 17568 |d 17568 | ||
| 040 | |a cru BVZT | ||
| 942 | |c 15 D |h 100 S-21e |2 z | ||
